000 00205 a2200109 4500
020 _a9781512441314
041 _aspa
100 _aKenan, Tessa
245 _aEs un chimpance
942 _cBK
952 _71
999 _c20500
_d20500